000 01050nam a2200229 a 4500
001 BS0003649
003 BR-BrBNA
005 20231110141301.0
008 230308b |||||||| |||| 00| 0 por d
040 _aBR-BrBNA
_bpor
_cBiblioteca Nacional de Agricultura
041 _apor
072 _aU00
090 _aU00
_bBS0003649
100 1 _aOs Irmãos Bacalhau
245 1 _aQuem mexeu no meu salame? /
260 3 _aSão Paulo, SP:
_bMatrix,
_c2003.
300 _a117 p.
520 3 _aQuem Mexeu no Meu Salame" faz uma sátira a diversos livros de autoajuda. Como os próprios Irmãos Bacalhau dizem "se todo mundo comprar este livro, a gente vai estar muito auto ajudado". Divirta-se com as Parábolas, com as leituras clássicas que eles recomendam, conheça a rede terrorista de mocréias Al-Qaeda e a Igreja Universal do Sacro Cheio, faça os testes para medir a sua masculinidade e até a sua sanidade, e aprenda com as frases que vão elevar o seu espírito. De porco, claro.
650 _aHUMOR
650 _aAUTOAJUDA
942 _cBK
_2AGRIS
999 _c8710
_d8710